[Event "FIDE World Cup 2017"]
[Site "Tbilisi"]
[Date "2017.09.04"]
[Round "1.2"]
[White "Duda, Jan-Krzysztof"]
[Black "Pantsulaia, Levan"]
[Result "1-0"]
[WhiteElo "2698"]
[BlackElo "2593"]
[Annotator "TA"]
[PlyCount "69"]
[EventDate "2017.??.??"]
[EventType "k.o."]
[EventCountry "GEO"]
[SourceTitle "playchess.com"]
[Source "ChessBase"]
[SourceQuality "1"]

{[%evp 18,69,11,0,16,-4,0,0,0,-6,-8,-9,1,6,28,0,53,55,79,78,75,79,83,70,62,51,77,79,139,143,156,168,169,98,104,70,125,93,98,47,65,59,108,106,144,137,384,360,668,697,29994,29995,29997,29998]} 1. e4 g6 2. d4 Bg7 3. Nf3 d6 4. c3 Nf6 5. Bd3 O-O 6. O-O Nc6 7. Nbd2 e5 8. dxe5 Nxe5 9. Nxe5 dxe5 10. Qc2 {LiveBook: 4 Games. B07: Pirc Defence: Miscellaneous Systems} (10. Nf3 Qe7 11. a4 Rd8 12. Qe2 a5 13. Bc4 h6 14. Re1 b6 15. Be3 Ng4 16. Bc1 Nf6 17. Be3 Ng4 18. Bc1 {½-½ (18) Karjakin,S (2772)-Nepomniachtchi,I (2732) Loo 2014}) 10... Qe7 11. Nf3 a5 $146 ({Find the theoretical novelty and annotate with similar games:} 11... Bd7 12. h3 Rfd8 13. Bg5 h6 14. Be3 Bc6 15. Rfd1 Rd7 16. Ne1 Rad8 17. f3 Nh5 {½-½ (45) Vereckei,J (2390)-Csom,K (2070) Hungary 1994}) 12. Rd1 {The position is equal.} b6 13. Bg5 h6 14. Bh4 Bb7 15. Nd2 Rad8 16. f3 Bc8 (16... g5 $11 17. Bf2 g4) 17. Nc4 $14 Qe6 18. Ne3 Qc6 19. c4 Rfe8 20. c5 Bf8 21. cxb6 $1 Qxb6 {White must now prevent ...Bc5.} 22. Kh1 g5 ({Black should try} 22... Qxe3 23. Bxf6 Rd6) 23. Nc4 $16 Qe6 24. Bf2 g4 25. Be2 (25. Ne3 $18) 25... gxf3 26. Bxf3 (26. gxf3 {is more complex.} Rxd1+ 27. Rxd1 Ba6 28. Ne3 Bxe2 29. Qxe2 Kh7 30. Qc4) 26... Nh7 (26... Rxd1+ $14 27. Rxd1 Ba6) 27. Nxa5 Ng5 28. Nc4 (28. Rxd8 $16 Rxd8 29. Bg3 (29. Qxc7 Rd2 $14)) 28... Rxd1+ 29. Rxd1 Bb7 30. Bh4 Nxf3 31. gxf3 f5 $2 (31... Qh3 $16) 32. Rg1+ $18 Kh8 $2 (32... Bg7 33. Ne3 fxe4) 33. Qg2 {Bf6+! would kill now.} Kh7 {[#]} 34. Nxe5 $1 {[%mdl 512]} fxe4 {[#]} (34... Qxe5 35. Qg8#) 35. Bf6 $1 {[%mdl 512] Precision: White = 68%, Black = 27%.} 1-0

[Event "FIDE World Cup 2017"]
[Site "Tbilisi"]
[Date "2017.09.04"]
[Round "1.2"]
[White "Rodshtein, Maxim"]
[Black "Hovhannisyan, Robert"]
[Result "*"]
[WhiteElo "2695"]
[BlackElo "2594"]
[Annotator "TA"]
[PlyCount "90"]
[EventDate "2017.??.??"]
[EventType "k.o."]
[EventCountry "GEO"]
[SourceTitle "playchess.com"]
[Source "ChessBase"]
[SourceQuality "1"]

{[%evp 17,90,25,45,41,40,31,42,7,36,22,27,19,30,27,31,26,53,53,93,76,69,37,41,36,28,37,35,38,42,19,60,55,79,79,60,60,45,53,57,8,32,1,26,26,35,25,29,25,27,29,29,18,14,4,7,8,14,14,14,14,22,25,189,189,172,102,102,109,119,112,162,104,104,114,112]} 1. d4 d5 2. c4 e6 3. Nf3 Nf6 4. g3 dxc4 5. Bg2 Bd7 6. Ne5 Bc6 7. Nxc6 Nxc6 8. O-O Qd7 {E04: Open Catalan: 5 Nf3} 9. e3 Rd8 {LiveBook: 31 Games} 10. Qc2 $146 ({Predecessor:} 10. Qe2 e5 11. Qxc4 exd4 12. Qb5 Rb8 13. Rd1 a6 14. Qf1 Bd6 15. exd4 O-O 16. Bh3 {½-½ (76) Tomashevsky,E (2722)-Bu,X (2698) Novi Sad 2016}) 10... e5 {White is slightly better.} 11. dxe5 Nxe5 12. b3 Be7 13. Nd2 {[%cal Bb1d2,Bd2c4,Bc4e5][%mdl 32]} Qd3 14. Qxd3 Nxd3 15. Nxc4 b6 $1 16. Bc6+ Kf8 17. Bd2 Bb4 18. Bxb4+ Nxb4 19. Ne5 g6 20. a3 Nxc6 21. Nxc6 Rd3 22. b4 Kg7 23. Rfd1 Rxd1+ 24. Rxd1 $11 {[%mdl 4096] Endgame KRN-KRN} a6 25. f3 Re8 26. e4 Re6 27. Nb8 a5 28. b5 Ne8 29. Rd8 Nd6 (29... a4 $5 {[%cal Re8d6]}) 30. a4 Nb7 31. Rc8 Nc5 32. Na6 {[#] Hoping for Nxc5.} Nxa4 33. Nxc7 Re5 34. Nd5 f5 $1 35. Rc7+ Kf8 $1 36. Rc4 fxe4 37. fxe4 Nb2 38. Rc8+ Kf7 39. Rc7+ Ke6 $2 (39... Kf8 $11 {and Black has nothing to worry.}) 40. Rc6+ $18 ({Not} 40. Rxh7 Rxe4 41. Nxb6 Rb4 $11) 40... Kf7 41. Rf6+ (41. Rxb6 $18 Rxe4 42. Rf6+ Kg7 43. b6) 41... Kg7 $16 {Threatens to win with ...Rxd5!} 42. Rxb6 Rxe4 43. Rb7+ Kh6 44. b6 ({White should try} 44. Rxh7+ $18 Kxh7 45. Nf6+ Kg7 46. Nxe4) 44... Re1+ {[#]} 45. Kg2 $1 {Black must now prevent Rxh7+!} Nd3 {Precision: White = 66%, Black = 61%.} *

[Event "FIDE World Cup 2017"]
[Site "Tbilisi"]
[Date "2017.09.04"]
[Round "1.2"]
[White "Artemiev, Vladislav"]
[Black "Bok, Benjamin"]
[Result "1-0"]
[WhiteElo "2692"]
[BlackElo "2620"]
[Annotator "TA"]
[PlyCount "65"]
[EventDate "2017.??.??"]
[EventType "k.o."]
[EventCountry "GEO"]
[SourceTitle "playchess.com"]
[Source "ChessBase"]
[SourceQuality "1"]

{[%evp 18,65,40,38,49,40,179,187,191,182,194,193,194,191,182,187,186,180,195,181,195,179,173,188,193,193,250,171,181,164,164,154,186,116,123,123,125,113,116,106,147,163,266,266,266,266,596,591,5326,5289]} 1. e4 c5 2. Nf3 d6 3. Nc3 Nf6 4. e5 dxe5 5. Nxe5 a6 6. g3 {B50: Sicilian: 2...d6, Miscellaneous} (6. a4 Qc7 7. Nc4 Nc6 8. d3 Nd4 9. Ne2 Nxe2 10. Bxe2 Bf5 11. Bf3 Rd8 12. Bd2 b6 13. Qe2 e6 14. Bc3 Nd7 {1-0 (22) Mamedov,R (2688)-Wojtaszek,R (2749) Tallinn 2016}) 6... Qc7 7. d4 cxd4 8. Qxd4 Nc6 9. Nxc6 Qxc6 10. Bg5 {LiveBook: 4 Games} Bg4 {[#]} 11. Bxf6 $1 {[%mdl 512]} gxf6 (11... Qxh1 $2 {too greedy.} 12. Qxg4 gxf6 13. Qa4+ b5 14. Nxb5 $1 $18 {[%mdl 512]}) ({Black should play} 11... h5 $14 12. Bxg7 Rd8) (11... Qxf6 12. Qxg4) 12. Qxg4 $18 Qxh1 {[#]} 13. Qa4+ $1 b5 {[#]} 14. Nxb5 $1 {[%mdl 512]} Bh6 $146 (14... axb5 15. Qxb5+) 15. Nc7+ Kf8 16. Nxa8 Qxa8 17. Qxa6 Qe4+ 18. Qe2 Qb7 19. c3 {Black must now prevent a4.} Kg7 20. Rd1 Ra8 21. a3 Rb8 (21... e6 $142 22. Qg4+ Kh8) 22. b4 Qa8 23. Qg4+ Kf8 24. Bd3 Qxa3 25. Bxh7 (25. Qc4 $18) 25... Qxc3+ $16 26. Kf1 {[%csl Gh7][%cal Rg4g8]} Bg7 27. Qd7 $40 {[%mdl 128] Qd8+! would kill now. White attacks with force.} Bh6 28. Rd4 Kg7 {[#]} 29. Bd3 $1 {Threatens to win with Rg4+.} e6 (29... f5 $142 30. Kg2 (30. Bxf5 Rxb4 31. Rg4+ Rxg4 $16) 30... e6) 30. Rg4+ $18 Bg5 31. h4 Qc1+ $2 (31... Rxb4 {is more resistant.} 32. Rxb4 Qxb4 33. hxg5 fxg5) 32. Kg2 Qd1 33. Qd4 {Precision: White = 77%, Black = 50%.} 1-0

[Event "FIDE World Cup 2017"]
[Site "Tbilisi"]
[Date "2017.09.04"]
[Round "1.2"]
[White "Nisipeanu, Liviu-Dieter"]
[Black "Sevian, Samuel"]
[Result "1/2-1/2"]
[WhiteElo "2674"]
[BlackElo "2610"]
[Annotator "TA"]
[PlyCount "137"]
[EventDate "2017.??.??"]
[EventType "k.o."]
[EventCountry "GEO"]
[SourceTitle "playchess.com"]
[Source "ChessBase"]
[SourceQuality "1"]

{[%evp 20,137,25,24,28,27,33,31,28,33,47,25,50,0,0,-88,-77,-62,-62,-65,-67,-85,-58,-99,-87,-111,-118,-135,-135,-131,-138,-117,-100,-152,-135,-141,-135,-170,-155,-169,-116,-173,-112,-108,-112,-109,-112,-124,-89,-106,-106,-95,-101,-122,-98,-135,-134,-139,-112,-122,-120,-116,-108,-99,-95,-95,-95,-284,-275,-270,-249,-276,-270,-267,-256,-281,-282,-290,-280,-371,-364,-354,-357,-367,-364,-460,-347,-356,-355,-467,-209,-208,-200,-219,-184,-147,-57,-60,0,-149,-132,-150,0,0,0,-131,-135,-123,0,-208,-237,-237,0,0,0,0,0,-239,0,0]} 1. e4 e5 2. Nf3 Nc6 3. Bb5 a6 4. Ba4 Nf6 5. d3 d6 6. c3 g6 7. O-O Bg7 8. h3 {C77: Ruy Lopez: 3...a6 4 Ba4 Nf6, unusual lines} (8. Nbd2 O-O 9. Re1 Nh5 10. Nf1 f5 11. Ng3 fxe4 12. Bb3+ Kh8 13. Ng5 Nf4 14. Nf7+ Rxf7 15. Bxf7 Qf8 16. Bb3 exd3 17. Bc4 {½-½ (52) Anand,V (2784)-Shirov,A (2684) Zuerich 2016}) 8... O-O 9. Be3 h6 10. Nbd2 Re8 11. Re1 {LiveBook: 4 Games} d5 12. Bxc6 bxc6 13. Qa4 Bd7 {Hoping for ...c5!} 14. Qc2 Nh5 15. d4 f5 $146 {And now ...exd4 would win.} ({Predecessor:} 15... exd4 16. Bxd4 {1-0 (35) Van Kampen,R (2640)-Collins,S (2455) Reading 2017}) 16. exf5 (16. Nxe5 f4 $15) 16... e4 17. Ne5 (17. f6 $1 $11 {keeps the balance.} Bxf6 18. Ne5) 17... Bxe5 $17 18. dxe5 gxf5 19. Kh2 f4 20. Bd4 Qg5 21. c4 Bf5 $1 $40 {[%mdl 128] Threatens to win with ...e3. White is in trouble.} 22. cxd5 e3 ({Reject} 22... cxd5 $6 23. Qxc7 Ng7 24. Bc3 $11) 23. Qxc6 exd2 24. Rg1 Rad8 $1 25. Rad1 Be4 26. Rxd2 (26. Qxc7 $142 Bxd5 27. Qa5) 26... Bxd5 27. Qxc7 {[#]} Ng3 $1 {[%cal Rg3f1][%mdl 512]} 28. f3 (28. fxg3 Qxg3+) 28... Bxa2 29. Bc3 Be6 ({Black should play} 29... Ra8 $19 30. Qc6 Rac8 31. Qxa6 Bc4) 30. Qc6 (30. Rxd8 $17 Rxd8 31. Qc6) 30... Qg6 (30... Rc8 $19 31. Qxa6 Nf5) 31. Rxd8 Rxd8 32. Qxa6 Nf5 33. Be1 h5 34. Qa5 Rd5 35. Qa4 Rd4 36. Qc2 Qg5 37. Bf2 Ne3 38. Qc6 Kf7 39. Qb7+ Qe7 40. Qb6 Rb4 41. Qc6 Rxb2 42. Bxe3 {Bd4 is the strong threat.} Qh4 {[%csl Ge6][%cal Rh4h3]} 43. Kh1 $2 (43. Qc7+ $17 {was necessary.} Kg8 44. Bf2 Rxf2 45. Kh1) 43... fxe3 44. Qc7+ Qe7 45. Qc3 Rb3 46. Qc2 Kg7 47. Ra1 Qf7 48. Re1 Qg6 49. Qc5 Rb2 {[%csl Gb2][%cal Rg6g2]} 50. Rg1 e2 51. Qc7+ Bf7 52. Qc3 Rc2 53. Qe3 Ra2 54. Qf2 Kh7 (54... Rd2 $142 {aiming for ...Qc2.} 55. Re1 Bc4 56. Qa7+ Qf7) 55. Re1 $19 Qd3 56. Kh2 Bg6 57. Qc5 Qf5 (57... Qd7 $17 58. Kg1 Bd3) 58. Qe3 $15 Qd3 (58... Qc2 $15 59. Kg1 Qd2) 59. Qc5 $1 $17 Qd2 60. Qe7+ Kh6 {White must now prevent ...Qf4+.} 61. Qf8+ Kh7 62. Qe7+ Kg8 63. Qf6 Be8 {[#]} ({Much worse is} 63... Qxe1 $6 64. Qxg6+ Kf8 65. Qf6+ Kg8 66. Qe6+ Kf8 67. Qf6+ Kg8 68. Qe6+ Kg7 69. Qf6+ Kg8 $11) (63... Qd3 $17 64. f4 Ra3) 64. Rxe2 $3 $19 {[%mdl 512]} Qxe2 {[%csl Ga2][%cal Re2g2]} 65. Qg5+ {[#]} Kf8 $2 (65... Bg6 $1 $19 66. Qxg6+ Kf8 67. Qf6+ Ke8 68. Qc6+ Kd8 69. Qf6+ Kc7 70. Qe7+ Kc6 71. Qe6+ Kc5 72. Qd6+ Kc4 73. Qc7+ Kd4 74. Qd6+ Kc4 75. Qc6+ Kd4 76. Qd6+ Kc3 77. Qc5+ Kb3 78. Qb6+ Kc2) 66. Qh6+ $1 $11 Kf7 $2 (66... Ke7 $11 67. Qd6+ Kf7 68. Qf6+ Kg8 69. Qg5+ Kf8 70. Qh6+ Kg8 71. Qg5+) 67. Qf6+ $1 $19 Kg8 {[%csl Ga2][%cal Re2g2]} 68. Qg5+ {[#]} Kf8 $2 (68... Bg6 $1 $19 69. Qd8+ (69. Qxg6+ Kf8) 69... Kf7 70. Qd7+ Kf8 71. Qd6+ Ke8 72. Qxg6+ Kd7 73. Qd6+ Kc8 74. Qf8+ Kb7 75. Qf7+ Ka6 76. Qe6+ Ka5 77. Qd5+ Kb4 78. Qd4+ Kb5 79. Qd5+ Kb6 80. Qd6+ Kb5 81. Qd5+ Ka4 82. Qd4+ Kb3 83. Qb6+ Kc2 84. Qc5+ Kd1 85. Qg1+ Qe1 86. Qxe1+ Kxe1) 69. Qh6+ $1 {Precision: White = 67%, Black = 59%.} 1/2-1/2

[Event "FIDE World Cup 2017"]
[Site "Tbilisi"]
[Date "2017.09.04"]
[Round "1.2"]
[White "Adhiban, B."]
[Black "Nguyen, Ngoc Truong Son"]
[Result "1/2-1/2"]
[WhiteElo "2670"]
[BlackElo "2629"]
[Annotator "TA"]
[PlyCount "67"]
[EventDate "2017.??.??"]
[EventType "k.o."]
[EventCountry "GEO"]
[SourceTitle "playchess.com"]
[Source "ChessBase"]
[SourceQuality "1"]

{[%evp 16,67,16,12,19,2,40,33,35,34,44,31,43,15,27,17,23,1,25,12,34,33,39,28,40,18,53,33,33,17,18,11,29,18,18,10,10,10,27,10,10,0,25,7,0,0,18,18,18,0,18,13,13,14]} 1. d4 Nf6 2. c4 e6 3. g3 d5 4. Bg2 Bb4+ 5. Nd2 O-O 6. Ngf3 b6 7. O-O Bb7 8. b3 {E16: Queen's Indian: 4 g3 Bb7 5 Bg2 Bb4+} Nbd7 9. Bb2 {LiveBook: 8 Games} Ne4 $146 ({Find the theoretical novelty and annotate with similar games:} 9... Re8 10. Rc1 Rc8 11. a3 Bf8 12. Ne5 c5 13. Nxd7 Nxd7 14. dxc5 bxc5 15. Nb1 Ba6 16. cxd5 exd5 17. Qxd5 Rxe2 {½-½ (31) Wei,Y (2700)-Yu,Y (2738) China 2016}) 10. Rc1 Rb8 11. Qc2 Nxd2 12. Nxd2 Qe7 13. e3 Rfc8 14. cxd5 exd5 15. Nf3 Bd6 16. Rfd1 Qe6 17. Ng5 Qg6 (17... Qh6 {is interesting.} 18. Qf5 Nf6 19. Nf3 c6 20. Ne5 Rc7) 18. Qxg6 hxg6 19. Nf3 f6 20. h4 Re8 21. Rc2 Nf8 22. Bf1 Ne6 23. Bb5 Re7 24. Kg2 (24. h5 $5) 24... Kf7 25. Rh1 Rh8 26. Rcc1 Nd8 27. Nd2 Ne6 28. Nf3 Nd8 29. a4 a5 {The position is equal.} 30. Ra1 Ne6 31. Rhc1 Rc8 32. Rc2 c5 (32... c6 $5 {[%cal Rc6b5]} 33. Bd3 Ree8 $11) 33. Ba3 Rec7 34. Rac1 {Precision: White = 26%, Black = 57%.} 1/2-1/2

[Event "FIDE World Cup 2017"]
[Site "Tbilisi"]
[Date "2017.09.04"]
[Round "1.2"]
[White "Hou, Yifan"]
[Black "Piorun, Kacper"]
[Result "1-0"]
[WhiteElo "2670"]
[BlackElo "2644"]
[Annotator "TA"]
[PlyCount "83"]
[EventDate "2017.??.??"]
[EventType "k.o."]
[EventCountry "GEO"]
[SourceTitle "playchess.com"]
[Source "ChessBase"]
[SourceQuality "1"]

{[%evp 20,83,15,19,19,-2,14,2,0,0,0,6,14,14,43,39,33,38,25,10,11,0,0,0,7,4,0,-7,0,-3,33,20,35,0,68,71,95,51,42,52,41,35,55,0,0,0,0,0,0,0,15,22,27,2,754,743,1059,582,667,676,669,662,650,593,1626,1550]} 1. e4 e6 2. d4 d5 3. Nc3 Nf6 4. e5 Nfd7 5. f4 c5 6. Nf3 Be7 {C11: French: Classical System: 4 e5 and 4 Bg5 dxe4} 7. Be3 O-O 8. Qd2 b6 9. Nd1 a5 10. c3 a4 11. Bd3 {LiveBook: 8 Games} Ba6 12. Bxa6 Rxa6 13. O-O Nc6 {[#]} 14. Bf2 $146 ({Predecessor:} 14. f5) 14... b5 15. f5 Kh8 16. Qe2 Qb6 (16... Qc8 {keeps more tension.} 17. dxc5 exf5 18. Ne3 Nxc5 19. Nxd5 Ne4) 17. Ne3 {[%cal Bd1e3,Be3c2,Bc2d4,Bd4f3][%mdl 32]} cxd4 18. cxd4 Nxd4 19. Nxd4 Qxd4 20. Qxb5 Nb8 $1 21. Nc2 Qxe5 22. fxe6 Qxe6 23. Rad1 Rd8 24. Nd4 Qg6 25. Rfe1 {[%mdl 1024] White has compensation.} (25. Rde1 $5 {[%cal Re1e7]} Qd6 26. Re2 $16) 25... Qf6 26. Qb7 Bf8 (26... Bc5 $11) 27. Nf3 $14 Qf5 28. Re5 Qc8 $1 {[%cal Rc8b7]} 29. Qxf7 Rf6 $1 {[%cal Rf6f7]} 30. Qh5 $1 Nc6 $1 {[%cal Rc6e5,Bb8c6,Bc6b4,Bb4a2][%mdl 32]} 31. Rexd5 (31. Re2 $14) 31... Rxd5 $11 32. Rxd5 ({But not} 32. Qxd5 Rd6 $17) 32... Nb4 33. Rd1 {Hoping for h3.} Qc2 34. Rf1 Nxa2 35. Bd4 Rf5 $1 {[%cal Rf5h5]} 36. Qe8 $40 {[%mdl 128] aiming for g4. White has some attack.} (36. Qh6 $5) 36... Nb4 $2 {[%mdl 8192] [#]} (36... Nc1 $11 37. Kh1 Qc4) 37. g4 $1 $18 {[%cal Rg4f5] White is clearly winning.} Rf4 38. Bxg7+ Kxg7 39. Qe5+ Rf6 40. Nd4 Qg6 41. g5 {[%cal Rf1f6]} Bc5 {[#] Threatens to win with ...Bxd4+.} 42. Kh1 {Precision: White = 69%, Black = 45%.} 1-0

[Event "FIDE World Cup 2017"]
[Site "Tbilisi"]
[Date "2017.09.04"]
[Round "1.2"]
[White "Kravtsiv, Martyn"]
[Black "Kovalenko, Igor"]
[Result "1/2-1/2"]
[WhiteElo "2670"]
[BlackElo "2634"]
[Annotator "TA"]
[PlyCount "100"]
[EventDate "2017.??.??"]
[EventType "k.o."]
[EventCountry "GEO"]
[SourceTitle "playchess.com"]
[Source "ChessBase"]
[SourceQuality "1"]

{[%evp 18,100,29,19,21,0,26,0,0,0,39,19,41,19,79,83,93,87,70,85,63,71,127,127,127,127,127,110,137,127,134,114,116,85,106,101,93,92,96,85,85,33,31,0,0,0,0,0,0,0,20,8,12,8,23,0,83,72,74,2,2,2,2,2,2,2,2,2,2,2,2,2,2,0,2,2,2,2,2,2,2,2,2,0,2]} 1. d4 f5 2. Nf3 Nf6 3. g3 g6 4. Bg2 Bg7 5. O-O O-O 6. c4 d6 7. Nc3 c6 8. d5 Qe8 9. e4 fxe4 10. Ng5 {LiveBook: 5 Games} Bg4 {A88: Dutch Defence: Leningrad System: 5 Nf3 0-0 6 0-0 d6 7 Nc3 c6} (10... h6 11. Ngxe4 Nxe4 12. Nxe4 Nd7 13. Be3 c5 14. Qd2 Kh7 15. f4 Nf6 16. Rae1 Bf5 17. Nc3 Qd7 18. Kh1 {1-0 (62) Filippov,V (2584)-Aung,A (2595) Shanghai 2000}) 11. Qb3 Nbd7 $146 ({Predecessor:} 11... Na6 12. Ncxe4 Nd7 13. Be3 c5 14. h3 Bf5 15. g4 Bxe4 16. Bxe4 Rb8 17. Ne6 Rf7 18. f4 {1-0 (39) Krivoshey,S (2483)-Balinov,I (2482) Oberwart 2001}) 12. Ncxe4 Nxe4 13. Nxe4 Rb8 14. Re1 {Hoping for Nxd6!} (14. c5 $5 {[%cal Rd5c6]} cxd5 15. Qxd5+ e6 16. Qg5 $14 (16. Qxd6 Ne5 $16)) 14... Qf7 15. Be3 c5 {[#]} (15... cxd5 $11 16. cxd5 b6) 16. f3 $1 $16 {[%mdl 512]} Bf5 {[#]} (16... Bxf3 17. Ng5) 17. Ng5 $1 {[%cal Rg5f7]} Qf6 18. g4 $36 {[%mdl 2048] White is on the roll.} h6 19. Nh3 ({Much weaker is} 19. gxf5 hxg5 20. fxg6 Qxg6 $11) 19... Qxb2 (19... b5 $142) 20. gxf5 {Threatens to win with Qxb2.} Qxb3 21. axb3 Bxa1 22. Rxa1 Rxf5 23. Rxa7 Ne5 {[#]} 24. f4 $1 {[%cal Rf4e5]} ({Resist} 24. Bxh6 $6 Nxf3+ 25. Kh1 Nd4 $14) 24... Ng4 25. Bc1 Rff8 26. Nf2 Nf6 27. Bh3 Nh5 28. Nd3 Ng7 29. Kg2 (29. Bd7 $16) 29... Nf5 $14 30. Bxf5 gxf5 31. Kf3 Kf7 32. Ra5 Ra8 33. Rb5 Rfb8 (33... b6 $5) 34. Bb2 b6 35. b4 Ke8 36. Nf2 Kd7 (36... Ra4 $1 $11 {remains equal.}) 37. Nd1 $16 Kc7 38. bxc5 (38. Ne3 $16) 38... bxc5 $11 {The position is equal.} 39. Rxb8 Rxb8 40. Bg7 h5 41. Ne3 Rb3 42. h4 Kd7 43. Ke2 e6 44. dxe6+ Kxe6 45. Bh6 Rb8 46. Bg5 Rf8 47. Nd5 Rf7 48. Kd3 Rh7 49. Kc3 Rh8 50. Kd3 Rh7 {Precision: White = 63%, Black = 72%.} 1/2-1/2

[Event "FIDE World Cup 2017"]
[Site "Tbilisi"]
[Date "2017.09.04"]
[Round "1.2"]
[White "Jones, Gawain C B"]
[Black "Cori, Jorge"]
[Result "1/2-1/2"]
[WhiteElo "2668"]
[BlackElo "2648"]
[Annotator "TA"]
[PlyCount "171"]
[EventDate "2017.??.??"]
[EventType "k.o."]
[EventCountry "GEO"]
[SourceTitle "playchess.com"]
[Source "ChessBase"]
[SourceQuality "1"]

{[%evp 24,171,70,65,141,141,139,140,144,144,150,93,95,93,94,100,108,81,86,75,73,76,76,75,74,76,78,79,78,72,77,75,77,75,77,77,76,69,77,77,77,77,86,70,103,81,97,82,76,68,68,73,70,64,74,67,98,91,100,68,101,100,101,68,72,68,68,68,68,68,69,69,69,69,85,85,85,85,85,71,98,98,98,98,98,98,98,60,77,67,67,67,67,67,67,67,67,67,69,67,75,69,75,75,75,57,75,69,69,69,75,75,75,75,75,75,75,56,56,56,56,56,67,66,67,55,102,109,329,330,329,259,330,328,313,306,291,277,240,5,5,0,5,0,0,0,5,-8,-8,-12]} 1. e4 c5 2. c3 Nf6 3. e5 Nd5 4. Nf3 d6 5. Bc4 e6 6. d4 Nc6 7. O-O cxd4 8. cxd4 Be7 9. exd6 Qxd6 10. Nc3 Nxc3 11. bxc3 O-O 12. Re1 Qd8 13. Qe2 b6 {[#] D42: Queen's Gambit Declined: Semi-Tarrasch: 5 cxd5 Nxd5 6 e3 Nc6 7 Bd3} ({Black should play} 13... Qc7 $14) 14. d5 $146 {[%cal Rd5c6][%mdl 512]} ({Predecessor:} 14. Bd3 Bb7 15. h4 Na5 16. Ng5 g6 17. Nxh7 Qd5 18. Be4 Qxe4 19. Qxe4 Bxe4 20. Nxf8 Bc6 21. Nxg6 fxg6 22. Rxe6 Kf7 {1-0 (40) Aveline,P (2176)-Bagaturov,G (2424) Le Touquet 2003}) 14... Na5 (14... exd5 15. Bb5) 15. dxe6 Nxc4 {White is clearly better.} 16. exf7+ Kh8 17. Qxc4 (17. Qe4 $142 Ba6 18. Qxe7) 17... Bb7 18. Ne5 Bd6 19. Bf4 Rc8 20. Qe6 {Ng6+! would kill now.} Qf6 21. Ng6+ Qxg6 22. Qxg6 hxg6 23. Bxd6 Rxf7 24. Re3 Rd7 25. Be5 Kg8 26. Bd4 Rc4 27. Rae1 Kf7 28. Rg3 Ra4 29. Re2 Ra5 30. h3 Rf5 31. Rge3 Ba6 32. Re1 Bb7 33. Re8 Bd5 34. a3 Bb3 35. Rh8 Ra5 36. Re3 (36. Ree8 $5 {[%cal Rh8f8]} g5 37. f4 $16) 36... Rxa3 37. h4 Ra5 38. g4 (38. Ree8 $5 {[%cal Rh8f8]} Re7 39. Reg8 $16) 38... Bd1 39. f3 Ra1 {White should prevent ...Bxf3+.} 40. Ree8 {[%csl Ge8][%cal Rh8f8]} Re7 41. Rxe7+ Kxe7 {[%mdl 4096] Endgame KRB-KRB} 42. Kf2 Ra2+ 43. Kg3 Rd2 $1 44. Ra8 Rd3 $1 45. Rxa7+ Kf8 $1 46. Bxg7+ Ke8 47. Bd4 Rxf3+ 48. Kh2 Rf4 {[#]} 49. Ra1 $1 {[%cal Ra1d1]} Be2 50. Re1 Re4 51. Bxb6 Re6 {[#]} 52. g5 $1 Kd7 53. Bf2 Kd6 54. Bg3+ Kd7 55. Ra1 Re4 56. Bf2 Ke6 57. Ra5 Bh5 58. Kg2 Rg4+ 59. Bg3 Re4 60. Rc5 Re2+ 61. Bf2 Kd6 {Threatens to win with ...Rxf2+!} 62. Rc4 Kd5 63. Rd4+ Ke5 64. Rd8 Re4 65. Kg3 Rg4+ 66. Kh3 Re4 67. Bd4+ Ke6 68. c4 Bg4+ 69. Kg3 {And now Re8+ would win.} Bf5 70. c5 {c6 is the strong threat.} Rg4+ 71. Kf2 {Hoping for c6.} Rxh4 72. Rd6+ Ke7 73. Bf6+ Kf7 74. c6 Rc4 75. Be5 Re4 $2 (75... Be6 $16 76. Ke3 Bf5) 76. Rf6+ $18 Kg8 77. Bd6 Re6 78. Rf8+ Kg7 79. Rd8 Re4 80. c7 Rc4 81. Rf8 $2 (81. Ke3 $18) 81... Rxc7 $1 $11 {The position is equal.} 82. Rb8 (82. Bxc7 $5 {[%cal Rf8f5]} Kxf8 83. Kf3 $11) 82... Rd7 83. Bb4 Kf7 84. Rb6 Rd4 85. Ke3 Rg4 86. Bd6 {Precision: White = 67%, Black = 60%.} 1/2-1/2

[Event "FIDE World Cup 2017"]
[Site "Tbilisi"]
[Date "2017.09.04"]
[Round "1.2"]
[White "Motylev, Alexander"]
[Black "Xiong, Jeffery"]
[Result "1-0"]
[WhiteElo "2668"]
[BlackElo "2633"]
[Annotator "TA"]
[PlyCount "109"]
[EventDate "2017.??.??"]
[EventType "k.o."]
[EventCountry "GEO"]
[SourceTitle "playchess.com"]
[Source "ChessBase"]
[SourceQuality "1"]

{[%evp 25,109,12,12,12,16,10,19,19,19,19,19,15,19,19,25,14,18,11,15,18,28,37,46,0,25,25,25,25,28,31,41,34,29,27,31,18,40,40,91,107,229,220,257,250,382,363,394,244,395,386,387,394,388,377,354,76,81,0,387,387,479,432,1040,1069,1374,1308,1245,1270,1106,1110,1386,742,1743,1723,29984,29984,29978,29979,29990,29991,29991,29992,29994,29995,29995,29996]} 1. e4 e5 2. Nf3 Nc6 3. Bb5 Nf6 4. O-O Nxe4 5. Re1 Nd6 {[%cal Be4d6,Bd6e8,Be8c7][%mdl 32]} 6. Nxe5 Be7 7. Bf1 Nxe5 8. Rxe5 O-O 9. Nc3 {C67: Ruy Lopez: Berlin Defence: 4 0-0 Nxe4} Ne8 10. Nd5 Bd6 11. Re1 c6 12. Ne3 Be7 13. c4 Nc7 {LiveBook: 22 Games} 14. d4 d5 15. cxd5 Bb4 16. Bd2 Bxd2 17. Qxd2 {next dxc6 is good for White.} Nxd5 18. Nxd5 Qxd5 {[#]} 19. Re5 $146 Qd6 20. Bc4 Bd7 21. Rae1 Rae8 22. Qe3 {[%cal Re5e8]} Rxe5 23. dxe5 Qb4 24. b3 Qb6 25. Qxb6 axb6 $11 {[%mdl 4096] Endgame KRB-KRB} 26. Rd1 Bf5 27. a4 Re8 28. f4 Kf8 29. Kf2 Ke7 30. h3 h5 31. Kg3 Ra8 (31... f6 $14) 32. Kh4 $16 Ra5 (32... Bg6 $16) 33. Kxh5 $18 Rc5 34. g4 Be6 (34... Bc2 {was called for.} 35. Rd2 Be4) 35. Bxe6 Kxe6 {KR-KR} 36. Rd6+ Ke7 {intending ...Rc3.} 37. Rd3 b5 38. axb5 Rxb5 39. Kg5 Ke6 40. Rd6+ $2 {[#]} (40. h4 $18 {is more deadly.}) 40... Ke7 $16 41. Rd3 ({White should play} 41. Rd1 $16) 41... c5 $2 {[%mdl 8192]} (41... Ke6 $11) 42. f5 $18 {[%cal Bf4f5,Bf5f6][%mdl 32]} Ke8 43. Re3 Rb6 (43... Kf8 $142 44. h4 Rb6) 44. f6 Re6 45. fxg7 Rg6+ 46. Kf5 Rxg7 47. h4 {[%cal Bh3h4,Bh4h5][%mdl 32]} Rg6 48. h5 Rc6 49. e6 Ke7 50. exf7+ {White mates.} Kxf7 51. g5 {[%cal Bg4g5,Bg5g6][%mdl 32]} b5 52. g6+ Kg7 53. Kg5 Rc8 54. h6+ Kh8 55. h7 {Precision: White = 74%, Black = 32%.} 1-0